000 00323 a2200109 4500
001 ART_2041
005 20260410161722.0
008 260409a
245 1 0 _aEl nuevo gerente estratégico
100 1 _aTroentle, Daniel
773 0 _tAdministración de empresas
_g- Año XIX, Nº 218 (may. 1988)
_wREV2036
999 _c17083
_d17083